long story short lyrics - Statistics

General Stats
  • This quiz has been taken 99 times
  • The average score is 324 of 388
Answer Stats
Lyrics % Correct
a
98%
I
98%
Long
98%
short,
98%
story
98%
it
96%
No
96%
the
96%
The
96%
time
96%
time,
96%
you
96%
you,
96%
bad
94%
was
94%
I'm
92%
in
92%
me
92%
me,
92%
Now
92%
now
92%
to
92%
ah
90%
all
90%
And
90%
and
90%
guy
90%
hole
90%
my
90%
on
90%
rabbit
90%
right
90%
wrong
90%
Yeah,
90%
yeah
90%
about
88%
If
88%
if
88%
survived
88%
down
86%
from
86%
like
86%
of
86%
your
86%
Your
86%
fell
84%
he
84%
go
82%
just
82%
pedestal,
82%
shoe
82%
'til
82%
war
82%
war,
82%
battle
80%
battles
80%
but
80%
by
80%
by,
80%
lips
80%
pick
80%
walk
80%
fits,
78%
nearest
78%
picked
78%
break
76%
ever
76%
keep
76%
know
76%
When
76%
heels
73%
high
73%
more
73%
sides
73%
sleep
73%
clung
71%
get
71%
keepin'
71%
score,
71%
tried
71%
we
71%
words
71%
as
69%
at
69%
Fatefully,
69%
Misery,
69%
not
69%
precipice,
69%
this
69%
back
67%
before
67%
'Cause
67%
look
67%
Past
67%
ready
67%
shouted
67%
tell
67%
there's
67%
things
67%
warm
67%
door
65%
evermore
65%
lost
65%
precipice,
65%
Pushed
65%
surrounded
65%
up
65%
better
63%
bushes
63%
keys
63%
once
63%
petty
63%
these
63%
golden
61%
knocked
61%
passed
61%
rearview
61%
sky
61%
sword,
61%
Actually,
59%
both
59%
everywhere
59%
gates
59%
Missing
59%
must
59%
swing
59%
us
59%
will
59%
alley,
57%
always
57%
comet
57%
tug
57%
wanna
57%
ways
57%
chance
55%
feels
55%
held
55%
meet
55%
comes
53%
cuts
53%
defeat
53%
home
53%
knife
53%
themselves
53%
cliff
51%
dropped
51%
live
51%
passing
51%
peace,
51%
someone
51%
threw
51%
climbed
49%
rare
49%
waves
49%
felt
47%
shores
47%
nemeses
45%
he's
43%
glitter
24%
No matching quizzes found
Score Distribution
Percent of People with Each Score
Percentile by Number Answered
Your Score History
You have not taken this quiz